10 największych amerykańskich państw według powierzchni - Statystyki

Ogólne statystyki
  • Ten quiz został rozwiązany 6 563 razy
  • Średni wynik to 9 z 10
Statystyki odpowiedzi
km2 Państwo % Poprawnych
9 984 670 Kanada
99%
9 525 067 Stany Zjednoczone
99%
2 780 400 Argentyna
98%
8 515 767 Brazylia
98%
1 964 375 Meksyk
98%
756 102 Chile
95%
1 141 748 Kolumbia
93%
1 285 216 Peru
92%
916 445 Wenezuela
90%
1 098 581 Boliwia
87%
Nie znaleziono quizów pasujących do podanych kryteriów
Rozkład punktacji
Procent ludzi z każdym wynikiem
Percentyl według liczby udzielonych odpowiedzi
Twoja historia wyników
Nie rozwiązałeś tego quizu